Statistics for Languages Spoken by U.S. Presidents

Click here to take the quiz!

General Stats

  • This quiz has been taken 59 times
  • The average score is 11 of 15

Answer Stats

# of PresidentsAnswer% Correct
8French
100%
4Spanish
100%
5German
98%
4Italian
95%
3Dutch
91%
1Mandarin
88%
1Russian
86%
9Ancient Greek
77%
14Latin
77%
1Arabic
73%
1Irish
61%
1Hebrew
52%
1Welsh
29%
1Indonesian
27%
1Old English
4%

Score Distribution

Percentile by Number Answered

Percent of People with Each Score

Your Score History

You have not taken this quiz